Přímý marketing na internetu
Základné formy direct marketingu. Pasívny direct marketing. Prepojenie direct marketingu a webovej prezentácie. Reklamné bannery a reklamné e-maily.
Salvato in:
| Autore principale: | |
|---|---|
| Natura: | Capitolo di libro |
| Lingua: | ceco |
| Soggetti: | |
| Tags: |
Nessun Tag, puoi essere il primo ad aggiungerne!!
|
MARC
| LEADER | 00000naa a2200000 4500 | ||
|---|---|---|---|
| 001 | r045248 | ||
| 005 | 20231004100158.7 | ||
| 041 | 0 | |a cze | |
| 044 | |a CZ | ||
| 245 | 1 | 0 | |a Přímý marketing na internetu |c Zdeněk Brodský |
| 520 | |a Základné formy direct marketingu. Pasívny direct marketing. Prepojenie direct marketingu a webovej prezentácie. Reklamné bannery a reklamné e-maily. | ||
| 610 | 2 | 0 | |a marketing |
| 610 | 2 | 0 | |a internet |
| 610 | 2 | 0 | |a obchod elektronický |
| 610 | 2 | 0 | |a trh elektronický |
| 610 | 2 | 0 | |a technológie informačné |
| 610 | 2 | 0 | |a reklama |
| 610 | 2 | 0 | |a propagácia |
| 610 | 2 | 0 | |a zákazníci |
| 610 | 2 | 0 | |a inzercia |
| 610 | 2 | 0 | |a služby |
| 100 | 1 | |a Brodský, Zdeněk | |